[Event "It (open)"]
[Site "masterchessopen.com – Bad Woerishofen (Germany)"]
[Date "2009.03.05"]
[Round "1"]
[White "Bronznik Valerij (UKR)"]
[Black "Meul Willi (GER)"]
[Result "1-0"]
[WhiteElo "2325"]
[BlackElo "1933"]

1.d4 Nf6 2.c4 g6 3.Nc3 d5 4.Nf3 Bg7 5.cxd5 Nxd5 6.Na4 O-O 7.e4 Nb6 8.Be3 c6
9.Be2 N8d7 10.O-O Nxa4 11.Qxa4 Nb6 12.Qb4 Qd6 13.Qd2 Be6 14.b3 f6 15.Rac1 Bf7
16.Rfd1 Rfd8 17.h3 Rac8 18.Qa5 Qc7 19.d5 Nxd5 20.Rxd5 Bxd5 21.Qxc7 Rxc7
22.exd5 Kf8 23.Nd4 {#r} 1-0

[Event "Ch City"]
[Site "masterchessopen.com – Kemerovo (Russia)"]
[Date "2009.03.20"]
[Round "7"]
[White "Konyshev Artem (RUS)"]
[Black "Konev Kirill (RUS)"]
[Result "1-0"]
[WhiteElo "2400"]
[BlackElo "2277"]

1.c4 Nf6 2.Nc3 g6 3.d4 Bg7 4.Nf3 d5 5.cxd5 Nxd5 6.Bd2 O-O 7.Rc1 c6 8.e3 Nd7
9.Nxd5 cxd5 10.Qb3 Nf6 11.Bd3 Ne4 12.Bb4 Nd6 13.O-O a5 14.Bc5 Nc4 15.Bxc4 dxc4
16.Qb5 Re8 17.Rfd1 Bg4 18.Qxc4 Bxf3 19.gxf3 Rc8 20.Qe2 b6 21.Ba3 Rxc1 22.Rxc1
e5 23.dxe5 Bxe5 24.Qc4 Qf6 25.Qc6 Qg5+ 26.Kf1 Rd8 27.Ke2 Qf5 {#r} 1-0

[Event "Memorial E.Geller (open)"]
[Site "masterchessopen.com – Odessa (Ukraine)"]
[Date "2009.08.23"]
[Round "4"]
[White "Bogdanov Oleksi (UKR)"]
[Black "Afanasiev Anton (RUS)"]
[Result "1-0"]
[WhiteElo "2287"]
[BlackElo "2272"]

1.d4 Nf6 2.Nf3 g6 3.c4 Bg7 4.Nc3 d5 5.cxd5 Nxd5 6.Bg5 Nxc3 7.bxc3 c5 8.e3 O-O
9.Be2 Nc6 10.O-O cxd4 11.cxd4 Qd5 12.Rc1 Bg4 13.Rc5 Qd7 14.h3 Bxf3 15.Bxf3
Rfc8 16.Qb3 e5 17.Bg4 Qd6 18.Bxc8 Rxc8 19.Qxb7 Rc7 20.Qa8+ Bf8 21.Rfc1 {#r}
1-0

[Event "Ch Poland (team) (1 liga)"]
[Site "masterchessopen.com – Ustron (Poland)"]
[Date "2009.09.15"]
[Round "4"]
[White "Kosiorek Marek (POL)"]
[Black "Walkusz Witoslaw (POL)"]
[Result "1-0"]
[WhiteElo "2362"]
[BlackElo "2131"]

1.d4 Nf6 2.c4 g6 3.Nc3 d5 4.Nf3 Bg7 5.cxd5 Nxd5 6.Bd2 O-O 7.Rc1 Nc6 8.e4 Nxc3
9.Bxc3 Bg4 10.d5 Bxf3 11.gxf3 Bxc3+ 12.Rxc3 Nb8 13.Qb3 Qc8 14.h4 c6 15.h5 Kg7
16.hxg6 fxg6 17.Qb4 Nd7 18.Qxe7+ Rf7 19.Rxh7+ {#r} 1-0

[Event "Cup Chess School (open)"]
[Site "masterchessopen.com – Cheliabinsk (Russia)"]
[Date "2009.12.04"]
[Round "5"]
[White "Bashkov Viacheslav (RUS)"]
[Black "Popov Alexander (RUS)"]
[Result "1-0"]
[WhiteElo "2306"]
[BlackElo "2181"]

1.d4 Nf6 2.Nf3 g6 3.c4 Bg7 4.Nc3 d5 5.cxd5 Nxd5 6.Bd2 O-O 7.e4 Nxc3 8.Bxc3 c5
9.d5 Bxc3+ 10.bxc3 Qa5 11.Qd2 Kg7 12.Be2 Bg4 13.Rb1 Bxf3 14.Bxf3 Qc7 15.Qb2 b6
16.c4+ f6 17.e5 Qxe5+ 18.Qxe5 fxe5 19.d6 Rxf3 20.gxf3 exd6 21.Rd1 Nc6 22.Rxd6
Nd4 23.Rd7+ {#r} 1-0

[Event "It (open)"]
[Site "masterchessopen.com – Zurich (Switzerland)"]
[Date "2009.12.30"]
[Round "7"]
[White "Bogdanov Oleksi (UKR)"]
[Black "Hugentobler Patrick (SUI)"]
[Result "1-0"]
[WhiteElo "2287"]
[BlackElo "2253"]

1.d4 Nf6 2.c4 g6 3.Nc3 d5 4.Nf3 Bg7 5.cxd5 Nxd5 6.Bg5 c5 7.Rc1 Nxc3 8.bxc3 Be6
9.e4 cxd4 10.cxd4 O-O 11.d5 Bg4 12.Be2 Nd7 13.O-O Ne5 14.Nxe5 Bxe2 15.Nxf7
Rxf7 16.Qxe2 Qd6 17.Qg4 Raf8 18.Be3 b6 19.h4 Be5 20.h5 Bf4 21.hxg6 hxg6 22.Rc6
{#r} 1-0

[Event "It (open)"]
[Site "masterchessopen.com – Manizales (Colombia)"]
[Date "2010.01.10"]
[Round "6"]
[White "Saladen Rafael (COL)"]
[Black "Schneider-Zinner Werner (AUT)"]
[Result "1-0"]
[WhiteElo "2195"]
[BlackElo "2040"]

1.d4 Nf6 2.Nf3 g6 3.c4 Bg7 4.Nc3 d5 5.cxd5 Nxd5 6.Qb3 Nxc3 7.bxc3 O-O 8.h4 Nc6
9.h5 Na5 10.Qa4 c6 11.hxg6 hxg6 12.Bg5 Re8 13.e3 Bd7 14.Ne5 Be6 15.Qc2 Bf5
16.e4 Be6 17.Qc1 Bxe5 18.dxe5 f6 19.Qf4 Rf8 20.Rd1 Qc7 21.Qh4 Kf7 22.Qh7+ Ke8
23.exf6 {#r} 1-0

[Event "Tournament (Elo) \"]
[Site "masterchessopen.com – Warsaw (Poland)"]
[Date "2010.01.25"]
[Round "10"]
[White "Prazmowski Wlodzimierz (POL)"]
[Black "Rytel Jan"]
[Result "1-0"]
[WhiteElo "1696"]
[BlackElo "1579"]

1.d4 Nf6 2.c4 g6 3.Nf3 d5 4.Nc3 Bg7 5.cxd5 Nxd5 6.e4 Nb6 7.Be3 O-O 8.Rc1 Bg4
9.Be2 Nc6 10.d5 Bxf3 11.gxf3 Ne5 12.Qb3 Qd7 13.h4 c6 14.Bxb6 axb6 15.Qxb6 cxd5
16.Nxd5 Rxa2 17.Qb3 Rfa8 18.Nb6 Rxb2 19.Qe3 Raa2 20.Nxd7 Rxe2+ 21.Qxe2 Rxe2+
22.Kxe2 Nxd7 23.Rc8+ Bf8 24.Rd1 Ne5 25.Rdd8 {#r} 1-0

[Event "Ch Europe (seniors) (team)"]
[Site "masterchessopen.com – Dresden (Germany)"]
[Date "2010.02.10"]
[Round "1"]
[White "Weidlich Guenter (GER)"]
[Black "Tseitlin Mark D (ISR)"]
[Result "0-1"]
[WhiteElo "2192"]
[BlackElo "2413"]

1.d4 Nf6 2.Nf3 g6 3.c4 Bg7 4.Nc3 d5 5.cxd5 Nxd5 6.Bd2 Nb6 7.Rc1 O-O 8.Bf4 Bg4
9.Ne5 Be6 10.e3 N8d7 11.Nxd7 Qxd7 12.Ne4 Bxa2 13.b3 Nd5 14.Nc3 Nxf4 15.exf4
Qe6+ 16.Qe2 Bxb3 17.Qxe6 {#R} 0-1

[Event "Ch Ukraine"]
[Site "masterchessopen.com – Alushta (Ukraine)"]
[Date "2010.05.03"]
[Round "1"]
[White "Berezka Alexandr (UKR)"]
[Black "Kovalev Denis (UKR)"]
[Result "0-1"]
[WhiteElo "2142"]
[BlackElo "2466"]

1.d4 Nf6 2.Nf3 g6 3.c4 Bg7 4.Nc3 d5 5.cxd5 Nxd5 6.Qb3 Nxc3 7.bxc3 O-O 8.Ba3 b6
9.e3 c5 10.Rc1 Nc6 11.dxc5 Qc7 12.Nd4 Bb7 13.Nxc6 Bxc6 14.Qb4 Rfd8 15.Qg4 bxc5
16.Bc4 Rab8 17.Bb3 Bb5 18.Qg5 Qd6 19.c4 Qd3 20.Qxc5 Bc3+ 21.Rxc3 Qxc3+ 22.Ke2
Rd2+ 23.Kf3 Qf6+ {#R} 0-1

[Event "It (open)"]
[Site "masterchessopen.com – Di Roseto (Italy)"]
[Date "2010.06.04"]
[Round "1"]
[White "Naumkin Igor (RUS)"]
[Black "Pienabarca Nicola (ITA)"]
[Result "1-0"]
[WhiteElo "2483"]
[BlackElo "2066"]

1.d4 Nf6 2.Nf3 g6 3.c4 Bg7 4.Nc3 d5 5.cxd5 Nxd5 6.Bd2 Nb6 7.e3 O-O 8.Be2 Nc6
9.O-O e5 10.dxe5 Nxe5 11.Nxe5 Bxe5 12.f4 Bg7 13.Qc2 Re8 14.e4 Qe7 15.Rae1 Bd7
16.Kh1 Bc6 17.e5 Rad8 18.a3 h5 19.Bc1 Qh4 20.Bb5 Bd7 21.Bxd7 Rxd7 22.Ne4 Rde7
23.h3 Nd7 24.Qb3 c5 25.Kh2 Re6 26.Ng5 Nxe5 27.fxe5 Bxe5+ 28.Rxe5 {#r} 1-0

[Event "It \"]
[Site "masterchessopen.com – Chalkidiki (Greece)"]
[Date "2010.08.10"]
[Round "2"]
[White "Halkias Stelios (GRE)"]
[Black "Simeonidis Ioannis (GRE)"]
[Result "1-0"]
[WhiteElo "2577"]
[BlackElo "2243"]

1.d4 Nf6 2.Nf3 g6 3.c4 Bg7 4.Nc3 d5 5.cxd5 Nxd5 6.Bg5 c5 7.Rc1 Nxc3 8.bxc3 Qa5
9.Qd2 cxd4 10.cxd4 Qxd2+ 11.Kxd2 Nc6 12.d5 Nb4 13.e4 Nxa2 14.Rc7 Bd7 15.Rxb7
Nc3 16.Bd3 a5 17.Rc1 a4 18.Rxc3 Bxc3+ 19.Kxc3 a3 20.Bc4 f6 21.Bf4 O-O 22.d6+
Kh8 23.Rxd7 Rfc8 24.Rc7 exd6 25.Rxc8+ Rxc8 26.Nd4 a2 27.Nc2 Rc6 28.Bc1 Kg7
29.Bb2 Rc5 30.Nb4 {#r} 1-0

[Event "It (open)"]
[Site "masterchessopen.com – Alella (Spain)"]
[Date "2010.08.11"]
[Round "1"]
[White "Melich Martinez Josep (ESP)"]
[Black "Ortega Serra Marc (ESP)"]
[Result "0-1"]
[WhiteElo "1758"]
[BlackElo "2191"]

1.d4 Nf6 2.Nf3 g6 3.c4 Bg7 4.Nc3 d5 5.cxd5 Nxd5 6.Bd2 O-O 7.e4 Nxc3 8.Bxc3 Bg4
9.Be2 e6 10.h3 Bxf3 11.Bxf3 c5 12.dxc5 Bxc3+ 13.bxc3 Qa5 14.Qb3 Nd7 15.Qb4
Qxc5 16.Qxc5 Nxc5 17.Be2 Rac8 18.Rc1 Na4 19.c4 Nb6 20.e5 Rc7 21.c5 Nd7 22.c6
Rxc6 23.Rxc6 bxc6 {#R} 0-1

[Event "It (open)"]
[Site "masterchessopen.com – Hum na Sutli (Croatia)"]
[Date "2010.11.26"]
[Round "7"]
[White "Jaklin Damir (CRO)"]
[Black "Mrdja Milan (CRO)"]
[Result "0-1"]
[WhiteElo "1982"]
[BlackElo "2393"]

1.d4 Nf6 2.c4 g6 3.Nc3 d5 4.Nf3 Bg7 5.cxd5 Nxd5 6.Bd2 Nb6 7.Bf4 O-O 8.e3 c6
9.Rc1 Bg4 10.h3 Bxf3 11.Qxf3 N8d7 12.Qg3 Rc8 13.Rd1 Nd5 14.e4 Nxf4 15.Qxf4 Qb6
16.Qd2 Rfd8 17.Na4 Qc7 18.Be2 b5 19.Nc3 Nc5 20.Qe3 Ne6 21.d5 Nf4 22.O-O b4
23.Na4 cxd5 24.Bg4 d4 25.Qb3 e6 26.Qxb4 Qc6 27.b3 Qxe4 28.Bf3 Nxh3+ 29.Kh2
Qf4+ {#R} 0-1

[Event "It (open)"]
[Site "masterchessopen.com – Montigny le Bretonneux (France)"]
[Date "2010.12.30"]
[Round "6"]
[White "Schweisguth Etienne"]
[Black "Besombes Romain (FRA)"]
[Result "0-1"]
[WhiteElo "1730"]
[BlackElo "1779"]

1.d4 Nf6 2.c4 g6 3.Nc3 d5 4.Nf3 Bg7 5.cxd5 Nxd5 6.g3 c5 7.Qb3 Nxc3 8.bxc3 O-O
9.e3 Be6 10.Qc2 Nc6 11.dxc5 Qa5 12.Bb2 Qxc5 13.a3 Bf5 14.Qc1 Be4 15.Bg2 Na5
{#R} 0-1

[Event "It (open)"]
[Site "masterchessopen.com – Bussum (Netherlands)"]
[Date "2011.06.13"]
[Round "7"]
[White "Ris Robert (NED)"]
[Black "Lombaers Peter (NED)"]
[Result "1-0"]
[WhiteElo "2403"]
[BlackElo "2139"]

1.d4 Nf6 2.c4 g6 3.Nc3 d5 4.Nf3 Bg7 5.cxd5 Nxd5 6.Qa4+ c6 7.Bg5 h6 8.Bh4 Nxc3
9.bxc3 Nd7 10.e3 O-O 11.Be2 c5 12.O-O Qc7 13.Bg3 e5 14.Rfd1 f5 15.Qc4+ Kh7
16.dxe5 Nxe5 17.Nxe5 Bxe5 18.Bxe5 Qxe5 19.Rd5 Qf6 20.Qxc5 Be6 21.Rd6 Rad8
22.Rad1 Rxd6 23.Rxd6 Qf7 24.Rxe6 Qxe6 25.Qxf8 Qxa2 26.Qe7+ Kg8 27.Qd8+ Kg7
28.Qd4+ {#r} 1-0

[Event "It (open)"]
[Site "masterchessopen.com – Saint-Affrique (France)"]
[Date "2011.07.26"]
[Round "5"]
[White "Peric Slavisa (SRB)"]
[Black "Pruvot Louis (FRA)"]
[Result "0-1"]
[WhiteElo "2205"]
[BlackElo "2072"]

1.d4 Nf6 2.Nf3 g6 3.c4 Bg7 4.Nc3 d5 5.cxd5 Nxd5 6.Bd2 O-O 7.e4 Nxc3 8.Bxc3 c5
9.d5 Bxc3+ 10.bxc3 Bg4 11.Be2 Nd7 12.Nd2 Bxe2 13.Qxe2 Qc7 14.c4 e6 15.O-O Rfe8
16.f4 exd5 17.cxd5 Nf6 18.Qf3 Rad8 19.Rac1 b5 20.Rf2 c4 21.d6 Qxd6 22.e5 Qb6
23.Nf1 Rd3 24.Qe2 Nd5 25.f5 Nc3 26.Qe1 Qd4 27.e6 Ne4 28.exf7+ Kxf7 29.fxg6+
Kxg6 30.Rc2 Rf8 {#R} 0-1

[Event "Regionalliga SVM 2011/12"]
[Site "masterchessopen.com – Germany"]
[Date "2011.11.13"]
[Round "4"]
[White "Klasen Henrik"]
[Black "Mueller-Boge Michael"]
[Result "0-1"]
[WhiteElo "1909"]
[BlackElo "1999"]

1.c4 Nf6 2.Nf3 g6 3.d4 Bg7 4.Nc3 d5 5.cxd5 Nxd5 6.Qb3 Nxc3 7.bxc3 O-O 8.e3 b6
9.Bc4 Nc6 10.Ng5 e6 11.Nf3 Na5 12.Qa4 Nxc4 13.Qxc4 a5 14.Ba3 c5 15.Rd1 Qc7
16.Nd2 Bb7 17.f3 Rfd8 18.dxc5 Ba6 19.Qf4 Be5 20.Qg5 Bxc3 21.e4 Rd3 22.Rf1
Bxd2+ 23.Rxd2 Rxa3 24.Rff2 bxc5 25.Rc2 Qxh2 26.Kd2 Qg1 27.Qh4 Rd3+ {#R} 0-1

[Event "It \"]
[Site "masterchessopen.com – Los Angeles (USA)"]
[Date "2011.11.13"]
[Round "9"]
[White "Kudryavtsev Vadim (RUS)"]
[Black "Haessel Dale R (CAN)"]
[Result "1-0"]
[WhiteElo "2097"]
[BlackElo "2211"]

1.d4 Nf6 2.c4 g6 3.Nc3 d5 4.Nf3 Bg7 5.cxd5 Nxd5 6.Bd2 Nb6 7.Rc1 Nc6 8.e3 a6
9.Na4 Nxa4 10.Qxa4 O-O 11.Bc3 Qd5 12.a3 Bg4 13.Be2 Bd7 14.Qd1 Rad8 15.O-O Bf5
16.Nd2 Qd6 17.Nc4 Qd5 18.Nd2 Qd6 19.Bf3 Bc8 20.Qe2 e6 21.Bxc6 Qxc6 22.Bb4 Qb6
23.Bxf8 Bxf8 24.Nc4 Qb5 25.Qc2 Qh5 26.Ne5 Bd6 27.f4 b6 28.Qe4 a5 29.Nc4 {#r}
1-0

[Event "Ch Departamental"]
[Site "masterchessopen.com – Cartagena (Colombia)"]
[Date "2012.01.22"]
[Round "7"]
[White "Paba Alvaro Jose"]
[Black "Torres Cueto Jesus Marcial"]
[Result "1-0"]
[WhiteElo "2136"]
[BlackElo "1909"]

1.d4 Nf6 2.Nf3 g6 3.c4 Bg7 4.Nc3 d5 5.cxd5 Nxd5 6.Bd2 O-O 7.e4 Nxc3 8.Bxc3 c6
9.Be2 Nd7 10.h4 h5 11.Ng5 e5 12.Bb4 Re8 13.Qb3 Rf8 14.Bxf8 Qxf8 15.Nxf7 Kh7
16.g4 Nf6 17.gxh5 Nxh5 18.Bxh5 gxh5 19.dxe5 Qe7 20.O-O-O Qc5+ 21.Kb1 Bxe5
22.Ng5+ Kh6 23.Qf7 Bg7 24.Rd8 Bf5 25.exf5 {#r} 1-0

[Event "It (open) \"]
[Site "masterchessopen.com – Caleta (England)"]
[Date "2012.01.28"]
[Round "5"]
[White "Skutta Bernd (GER)"]
[Black "Andersen Daniel (DEN)"]
[Result "1-0"]
[WhiteElo "2078"]
[BlackElo "1884"]

1.d4 Nf6 2.Nf3 g6 3.c4 Bg7 4.Nc3 d5 5.cxd5 Nxd5 6.Bd2 O-O 7.e4 Nxc3 8.Bxc3 c5
9.d5 Bxc3+ 10.bxc3 Qa5 11.Qd2 b5 12.h4 h5 13.Rc1 Kg7 14.Bd3 c4 15.Bb1 Qb6
16.O-O Rd8 17.Qg5 e6 18.Nd4 exd5 19.e5 Re8 20.Rce1 Nc6 21.Qf6+ {#r} 1-0

[Event "Tournament (universities) (under 27)"]
[Site "masterchessopen.com – Bucaramanga (Colombia)"]
[Date "2012.04.02"]
[Round "8"]
[White "Castaneda Jhon David"]
[Black "Duran Fabian Alberto"]
[Result "1-0"]
[WhiteElo "2129"]
[BlackElo "1909"]

1.d4 Nf6 2.c4 g6 3.Nc3 d5 4.Nf3 Bg7 5.cxd5 Nxd5 6.Na4 Nf6 7.Bf4 O-O 8.e3 Bf5
9.Be2 Nbd7 10.Rc1 c6 11.O-O Nd5 12.Bg3 N5b6 13.Nc3 Nf6 14.Nh4 Ne4 15.Nxf5 Nxc3
16.Nxe7+ Qxe7 17.bxc3 h5 18.h3 Rfe8 19.Qb3 Rad8 20.Bd3 Kh7 21.a4 h4 22.Bh2 Bh6
23.Rfe1 Rd7 24.Rcd1 Qg5 25.Bf4 Qa5 26.Bxh6 Kxh6 27.Ra1 c5 28.Bb5 {#r} 1-0

[Event "Memorial F.Campomanes (open)"]
[Site "masterchessopen.com – Bandar Seri Begawan (Brunei)"]
[Date "2012.04.10"]
[Round "6"]
[White "Barbosa Oliver (PHI)"]
[Black "Yee Soon Wei (BRU)"]
[Result "1-0"]
[WhiteElo "2571"]
[BlackElo "2200"]

1.d4 Nf6 2.c4 g6 3.Nc3 d5 4.Nf3 Bg7 5.cxd5 Nxd5 6.Qa4+ c6 7.e3 O-O 8.Bd2 Nxc3
9.Bxc3 c5 10.Qa3 cxd4 11.Nxd4 Bd7 12.Rd1 Qe8 13.Be2 Nc6 14.Nb5 Rc8 15.Bxg7
Kxg7 16.O-O a6 17.Nc3 Ne5 18.Qb4 Bc6 19.Nd5 e6 20.Nb6 Rd8 21.f4 Nd7 22.Nc4 Kg8
23.Na5 Nb8 24.Nxb7 Rxd1 25.Rxd1 Qc8 26.Nc5 Ba8 27.Qb6 e5 28.fxe5 Qf5 29.Rd8
{#r} 1-0

[Event "It (open)"]
[Site "masterchessopen.com – Forni di Sopra (Italy)"]
[Date "2012.06.21"]
[Round "7"]
[White "Bruno Fabio (ITA)"]
[Black "Dvirnyy Daniyyl (ITA)"]
[Result "0-1"]
[WhiteElo "2447"]
[BlackElo "2515"]

1.d4 Nf6 2.Nf3 g6 3.c4 Bg7 4.Nc3 d5 5.cxd5 Nxd5 6.Qb3 Nb6 7.e4 Bg4 8.Be3 Bxf3
9.gxf3 Bxd4 10.Rd1 e5 11.Qa3 c6 12.f4 Qe7 13.Qxe7+ Kxe7 14.Bxd4 exd4 15.Rxd4
N8d7 16.Ke2 Rad8 17.Ke3 f5 18.e5 Nc5 19.Rxd8 Rxd8 20.Be2 Ne6 21.h4 h5 22.Rg1
Kf7 23.b4 Rd4 24.b5 Rxf4 25.bxc6 bxc6 26.Rd1 Rxh4 27.Rd6 Rc4 28.Rd7+ Nxd7
29.Bxc4 Nxe5 30.Bb3 {#R} 0-1

[Event "Ch Pan-American (amateurs)"]
[Site "masterchessopen.com – Cartagena (Colombia)"]
[Date "2012.07.05"]
[Round "4"]
[White "Valencia Dario"]
[Black "Lorduy Diaz Jesus David"]
[Result "1-0"]
[WhiteElo "1958"]
[BlackElo "1801"]

1.d4 Nf6 2.c4 g6 3.Nc3 Bg7 4.Nf3 d5 5.cxd5 Nxd5 6.e4 Nf6 7.h3 O-O 8.Bc4 c6
9.a4 Qa5 10.Bd2 Qb6 11.Qc1 Re8 12.a5 Qd8 13.O-O e6 14.Bg5 Qc7 15.Bf4 Qd8
16.Rd1 Nh5 17.Bg5 Bf6 18.Be3 Bg7 19.e5 Bf8 20.g4 Ng7 21.Bg5 Be7 22.Ne4 Nd7
23.Qf4 Rf8 24.Bxe7 Qxe7 25.Nf6+ Kh8 26.Ng5 Nxf6 27.exf6 Qb4 28.fxg7+ Kxg7
29.b3 {#r} 1-0

[Event "It (open)"]
[Site "masterchessopen.com – Leiden (Netherlands)"]
[Date "2012.07.09"]
[Round "4"]
[White "Lalith Babu M R (IND)"]
[Black "Van Beek Alexander (NED)"]
[Result "1-0"]
[WhiteElo "2529"]
[BlackElo "2329"]

1.Nf3 Nf6 2.c4 g6 3.Nc3 d5 4.d4 Bg7 5.cxd5 Nxd5 6.Qb3 Nb6 7.Bf4 Be6 8.Qa3 c5
9.O-O-O N8d7 10.d5 Bg4 11.e3 O-O 12.Be2 Bxf3 13.gxf3 Ne5 14.Bg5 Nbc4 15.Qb3 b5
16.f4 Nxb2 17.Qxb2 Qa5 18.fxe5 Bxe5 19.Qc2 Bxc3 20.Bxe7 Rfe8 21.d6 Kg7 22.Rd3
b4 23.Rd5 Qb6 24.Bc4 a5 25.Qa4 Rab8 26.Rhd1 b3 27.axb3 {#r} 1-0

[Event "It (open) (b)"]
[Site "masterchessopen.com – Amsterdam (Netherlands)"]
[Date "2012.07.17"]
[Round "4"]
[White "Koelmans Jan Willem (NED)"]
[Black "Van den Bergh Don"]
[Result "1-0"]
[WhiteElo "1987"]
[BlackElo "2021"]

1.d4 Nf6 2.c4 g6 3.Nc3 d5 4.Nf3 Bg7 5.cxd5 Nxd5 6.Bd2 O-O 7.e4 Nxc3 8.Bxc3 c5
9.Rc1 Bg4 10.d5 Nd7 11.Bxg7 Kxg7 12.Be2 Nf6 13.Nd2 Bxe2 14.Qxe2 Qb6 15.b3 e6
16.dxe6 Qxe6 17.O-O b6 18.e5 Nd5 19.f4 Rad8 20.Nc4 b5 21.Ne3 Nxe3 22.Qxe3 c4
23.bxc4 bxc4 24.f5 gxf5 25.Qg5+ Kh8 26.Qxf5 Qxf5 27.Rxf5 Rd2 28.Rxc4 Rxa2
29.e6 Rb8 30.Rxf7 Re2 {#r} 1-0

[Event "It (open)"]
[Site "masterchessopen.com – Pardubice (Czech Republic)"]
[Date "2012.07.28"]
[Round "9"]
[White "Arutinian David (GEO)"]
[Black "Bernasek Jan (CZE)"]
[Result "1-0"]
[WhiteElo "2556"]
[BlackElo "2487"]

1.c4 Nf6 2.Nc3 d5 3.d4 g6 4.Nf3 Bg7 5.cxd5 Nxd5 6.Bg5 c5 7.Rc1 Nxc3 8.bxc3 O-O
9.e3 b6 10.Bd3 Bb7 11.O-O Nd7 12.e4 cxd4 13.cxd4 Nf6 14.d5 Rc8 15.Qa4 Rxc1
16.Rxc1 Qb8 17.Qa3 e6 18.Qb3 Bc8 19.dxe6 fxe6 20.Bf4 Qxf4 21.Rxc8 Kf7 22.Rc6
Re8 23.Rxe6 Rxe6 24.Nd4 Nd5 25.Nxe6 Qc1+ 26.Bf1 Nc3 27.g3 Qb1 28.Ng5+ {#r} 1-0

[Event "It (open)"]
[Site "masterchessopen.com – Arad (Romania)"]
[Date "2012.07.29"]
[Round "3"]
[White "Chirila Ioan Cristian (ROM)"]
[Black "Pop Alexandru (ROM)"]
[Result "1-0"]
[WhiteElo "2504"]
[BlackElo "2270"]

1.d4 Nf6 2.c4 g6 3.Nc3 d5 4.Nf3 Bg7 5.cxd5 Nxd5 6.Bd2 O-O 7.Rc1 Nb6 8.Bg5 Nc6
9.e3 h6 10.Bf4 g5 11.Bg3 f5 12.Be2 f4 13.exf4 gxf4 14.Bh4 Nxd4 15.Nxd4 Bxd4
16.Qb3+ Kh8 17.Nb5 c5 18.Nxd4 cxd4 19.Qb4 Rf7 20.O-O a5 21.Qc5 Qd6 22.Qxd6
exd6 23.Rfd1 Be6 24.Rxd4 d5 25.Bh5 Rd7 26.Re1 Bf7 27.Bg4 Rc7 28.Rxf4 {#r} 1-0

[Event "It (open)"]
[Site "masterchessopen.com – Livigno (Italy)"]
[Date "2012.09.17"]
[Round "9"]
[White "Naumkin Igor (RUS)"]
[Black "Zinchenko Yaroslav (UKR)"]
[Result "0-1"]
[WhiteElo "2463"]
[BlackElo "2544"]

1.d4 Nf6 2.Nf3 g6 3.c4 Bg7 4.Nc3 d5 5.cxd5 Nxd5 6.Bd2 O-O 7.Rc1 Nb6 8.e3 Nc6
9.Be2 e5 10.dxe5 Nxe5 11.Nxe5 Bxe5 12.O-O Be6 13.b3 c6 14.Qc2 Qe7 15.e4 Rad8
16.f4 Bd4+ 17.Kh1 f5 18.e5 Rd7 19.Rcd1 Qc5 20.Qc1 Rfd8 21.h3 Kf7 22.Kh2 Nd5
23.Na4 Qxc1 24.Bxc1 Ne3 25.Bxe3 Bxe3 26.Kg3 Rxd1 27.Rxd1 Rxd1 28.Bxd1 Bd4
29.Bf3 a5 30.Kh2 Ke7 {#R} 0-1